Exposición Internacional Barcelona, 1929 : Palacio del vestido y del arte textil Palacio del vestido y del arte textil
Descripción Física:
desplegable en colors ; 26 cm
MARC
| LEADER | 00000nam a2200000Ia 4500 | ||
|---|---|---|---|
| 001 | 8272 | ||
| 008 | 160829s1929?) xx 000 0 cat d | ||
| 080 | |a RF-6-17 | ||
| 111 | 2 | |a Exposició Internacional de Barcelona |d (1929-1930 : |c Barcelona, Catalunya) |9 55060 | |
| 245 | |a Exposición Internacional Barcelona, 1929 : |b Palacio del vestido y del arte textil | ||
| 260 | |a Barcelona : |b (Imp. Thomas, S.A., |c 1929?) | ||
| 300 | |a desplegable en colors ; |c 26 cm | ||
| 611 | 2 | 0 | |a Exposició Internacional de Barcelona |d (1929-1930 : |c Barcelona, Catalunya) |9 55060 |
| 856 | 4 | |u https://media.diba.cat/diba/fitxers/arxiu/fulletons/bib_8272_1929_baixa.pdf |y Accés lliure | |
| 856 | 4 | |u https://media.diba.cat/diba/fitxers/arxiu/fulletons/bib_8272_1929_baixa.pdf |y Accés lliure | |
| 901 | |a Arxiu | ||
| 942 | |n 1 |2 udc | ||
| 952 | |0 0 |1 0 |4 0 |6 RF617 |7 1 |9 44712 |a Arxiu |b Arxiu |d 2016-12-01 |l 0 |o RF-6-17 |p 8272 |r 2016-12-01 00:00:00 |w 2016-12-01 |y ARXIU | ||
| 999 | |c 47293 |d 47293 | ||
| 900 | |a bib_8272_1929_baixa.pdf | ||